000 00675nam a2200265Ia 4500
005 20260121165944.0
008 008 260114s9999 xx 000 0 eng d
020 _a9783319398532
037 _aEBOOK
040 _aCRL
040 _beng
040 _cCRL
041 _2eng
041 _aeng
084 _qCRL
100 _aDolene Rossi, Francis Gacenga, Patrick Alan Danaher
_91058059
245 0 _aNavigating the Education Research Maze
260 _bSpringer
260 _bSpringer
260 _c2016
856 _uhttps://link.springer.com/openurl?genre=book&isbn=978-3-319-39853-2
942 _cEBOOK
999 _c1623788
_d1623788